Biggest Cities in Australia - Statistics

General Stats
  • This quiz has been taken 51 times
  • The average score is 12 of 20
Answer Stats
# Population City % Correct
1. 4,698,656 Sydney
100%
2. 4,585,537 Melbourne
98%
4. 2,043,762 Perth
95%
5. 1,245,011 Adelaide
93%
3. 2,287,896 Brisbane
86%
7. 490,181 Canberra
86%
16. 122,207 Darwin
81%
6. 671,386 Gold Coast
79%
12. 197,451 Hobart
77%
8. 348,539 Newcastle
60%
15. 153,181 Cairns
53%
10. 284,131 Sunshine Coast
53%
11. 280,153 Wollongong
49%
14. 173,724 Townsville
47%
13. 180,239 Geelong
44%
18. 105,348 Ballarat
30%
19. 100,649 Bendigo
30%
17. 108,398 Toowoomba
30%
20. 91,516 Albury
28%
9. 325,255 Central Coast
26%
No matching quizzes found
Score Distribution
Percent of People with Each Score
Percentile by Number Answered
Your Score History
You have not taken this quiz